[Event "Titled Tuesday intern op 25th Jan"]
[Site "Chess.com INT"]
[Date "2022.01.25"]
[Round "1"]
[White "Dastan, Batuhan Muhammed"]
[Black "Estrada Nieto, Julian"]
[Result "1-0"]
[WhiteElo "2553"]
[BlackElo "2253"]
[PlyCount "95"]
[EventDate "2022.01.25"]
[EventType "swiss (blitz)"]
[EventRounds "11"]
[EventCountry "USA"]
[SourceTitle "CBM 206 Extra"]
[Source "ChessBase"]
[SourceDate "2022.03.31"]
[SourceVersion "1"]
[SourceVersionDate "2022.03.31"]
[SourceQuality "1"]

1. d4 d5 2. c4 dxc4 3. Nf3 Nf6 4. e3 Bg4 5. Bxc4 e6 6. 0-0 a6 7. Be2 Nc6 8. Qb3 Rb8 9. Nc3 Be7 10. Rd1 0-0 11. h3 Bh5 12. d5 exd5 13. Nxd5 Bd6 14. Nf4 Bxf3 15. Bxf3 Ne5 16. Be2 Qe7 17. Bd2 Rfd8 18. Be1 Ne4 19. Nd5 Qe6 20. Qc2 Nf6 21. Nxc7 Bxc7 22. Qxc7 Rdc8 23. Qa5 Rc2 24. Rd8+ Rxd8 25. Qxd8+ Qe8 26. Qxe8+ Nxe8 27. Kf1 f6 28. Bc3 Nd6 29. Bd1 Rxc3 30. bxc3 Ne4 31. Bb3+ Kf8 32. Rc1 Ke7 33. Bd5 Nc5 34. Ke2 Kd6 35. e4 b5 36. f4 Ned7 37. Ke3 Nb6 38. Rd1 Kc7 39. Bg8 h6 40. g4 Nba4 41. Rc1 Kd6 42. Bb3 Nb6 43. h4 Ke7 44. Rd1 a5 45. Bd5 a4 46. Kd4 Nxd5 47. exd5 Nd7 48. Rb1 1-0

[Event "Titled Tuesday intern op 25th Jan"]
[Site "Chess.com INT"]
[Date "2022.01.25"]
[Round "11"]
[White "Dastan, Batuhan Muhammed"]
[Black "Tregubov, Pavel V"]
[Result "1-0"]
[WhiteElo "2553"]
[BlackElo "2537"]
[PlyCount "137"]
[EventDate "2022.01.25"]
[EventType "swiss (blitz)"]
[EventRounds "11"]
[EventCountry "USA"]
[SourceTitle "CBM 206 Extra"]
[Source "ChessBase"]
[SourceDate "2022.03.31"]
[SourceVersion "1"]
[SourceVersionDate "2022.03.31"]
[SourceQuality "1"]

1. d4 Nf6 2. c4 e6 3. Nc3 Bb4 4. Qc2 c5 5. dxc5 0-0 6. Nf3 Na6 7. g3 Nxc5 8. Bg2 Nce4 9. 0-0 Bxc3 10. bxc3 d5 11. cxd5 exd5 12. Be3 Bf5 13. Qb3 Rc8 14. Qxb7 Nxc3 15. Nd4 Rc7 16. Qb3 Be4 17. f3 Bg6 18. Rac1 Qc8 19. Bd2 Nb1 20. Rxb1 Bxb1 21. Rxb1 Nd7 22. Qxd5 Nb6 23. Qf5 Qd8 24. Be3 Re8 25. Bf2 Nc4 26. e4 Na3 27. Rd1 Nc2 28. Rd2 Nxd4 29. Rxd4 Rc1+ 30. Bf1 Qb8 31. Kg2 Rc2 32. Qb5 Rxa2 33. Qxb8 Rxb8 34. Bc4 Rc2 35. g4 h5 36. Kg3 h4+ 37. Kxh4 Rxf2 38. Kg3 Rfb2 39. Rd7 R2b7 40. Rd6 a5 41. Ra6 Rc7 42. Bd5 Rb5 43. g5 g6 44. Kf4 Kg7 45. h4 Rbc5 46. Rb6 Ra7 47. h5 gxh5 48. Kg3 a4 49. Rb2 a3 50. Ra2 Rb5 51. f4 Rb2 52. Ra1 a2 53. f5 Ra3+ 54. Kf4 f6 55. gxf6+ Kxf6 56. e5+ Ke7 57. f6+ Kd7 58. e6+ Kd6 59. e7 Re2 60. Bf7 Ra8 61. Rxa2 Rexa2 62. Bxa2 Kd7 63. Bf7 h4 64. Kg4 Ra4+ 65. Kh3 Ra8 66. Kxh4 Rb8 67. Kg5 Ra8 68. Kg6 Rb8 69. e8Q+ 1-0

[Event "Titled Tuesday intern op 25th Jan"]
[Site "Chess.com INT"]
[Date "2022.01.25"]
[Round "9"]
[White "Harika, Dronavalli"]
[Black "Dastan, Batuhan Muhammed"]
[Result "0-1"]
[WhiteElo "2517"]
[BlackElo "2553"]
[PlyCount "98"]
[EventDate "2022.01.25"]
[EventType "swiss (blitz)"]
[EventRounds "11"]
[EventCountry "USA"]
[SourceTitle "CBM 206 Extra"]
[Source "ChessBase"]
[SourceDate "2022.03.31"]
[SourceVersion "1"]
[SourceVersionDate "2022.03.31"]
[SourceQuality "1"]

1. d4 d5 2. c4 c6 3. Nf3 Nf6 4. g3 dxc4 5. Bg2 g6 6. 0-0 Bg7 7. Ne5 Ng4 8. Nxc4 Qxd4 9. Qc2 Bf5 10. Qb3 b5 11. Na5 Qb6 12. Bd2 0-0 13. a4 bxa4 14. Qxa4 Qxb2 15. Ra2 Qd4 16. Qa3 Bxb1 17. e3 Qd3 18. Qxd3 Bxd3 19. Rc1 Bb5 20. Bb4 Re8 21. Rd2 Ne5 22. Bc3 Nd3 23. Rcc2 Bxc3 24. Rxc3 Nb4 25. Rb2 N8a6 26. Nxc6 Bxc6 27. Bxc6 Rac8 28. Bxe8 Rxc3 29. Bb5 e6 30. Kg2 Kg7 31. Rb1 Rc5 32. Bf1 f5 33. Ra1 Rc6 34. Ra4 Rb6 35. h4 Kf6 36. Be2 e5 37. Ra5 e4 38. g4 fxg4 39. Bxg4 Nd3 40. Bc8 Ndc5 41. Kg3 Rc6 42. Bg4 Ke7 43. Be2 Kd6 44. Kf4 Kc7 45. h5 gxh5 46. Bxa6 Kb6 47. Bb5 Rf6+ 48. Kg5 Rg6+ 49. Kxh5 Kxa5 0-1

[Event "Titled Tuesday intern op 11th Jan"]
[Site "Chess.com INT"]
[Date "2022.01.11"]
[Round "11"]
[White "Ezat, Mohamed Mahmoud"]
[Black "Dastan, Batuhan Muhammed"]
[Result "0-1"]
[WhiteElo "2411"]
[BlackElo "2553"]
[PlyCount "158"]
[EventDate "2022.01.11"]
[EventType "swiss (blitz)"]
[EventRounds "11"]
[EventCountry "USA"]
[SourceTitle "CBM 206 Extra"]
[Source "ChessBase"]
[SourceDate "2022.03.31"]
[SourceVersion "1"]
[SourceVersionDate "2022.03.31"]
[SourceQuality "1"]

1. d4 d5 2. c4 c6 3. Nc3 Nf6 4. cxd5 cxd5 5. Bf4 Nc6 6. e3 Bf5 7. Qb3 Na5 8. Qa4+ Bd7 9. Qc2 Rc8 10. Bd3 e6 11. Nf3 Bb4 12. 0-0 0-0 13. Qe2 Bxc3 14. bxc3 Rxc3 15. Rac1 Rxc1 16. Rxc1 Nc6 17. Bg5 h6 18. Bh4 Qe7 19. Ne5 g5 20. Bg3 Kg7 21. h4 Rc8 22. hxg5 hxg5 23. Nxc6 Rxc6 24. Rb1 b6 25. Be5 Kf8 26. Qf3 Ng8 27. Bh7 f6 28. Bxg8 Kxg8 29. Bxf6 Qh7 30. Rf1 Qg6 31. Be5 Rc8 32. Qg3 Bb5 33. Re1 Bd3 34. f3 Kf7 35. e4 dxe4 36. fxe4 Bxe4 37. Rf1+ Bf5 38. Qa3 Kg8 39. Qxa7 b5 40. Qd7 Rf8 41. Qe7 g4 42. Rc1 Bd3 43. Qh4 Bc4 44. Rc3 Rf1+ 45. Kh2 Qb1 46. Qh8+ Kf7 47. Qg7+ Ke8 48. Re3 Rh1+ 49. Kg3 Qf5 50. Bf4 Rf1 51. Qh6 Kd7 52. d5 Bxd5 53. Rc3 Bc4 54. Ra3 Rd1 55. Ra7+ Kc6 56. Rf7 Qd3+ 57. Kh4 Rh1+ 58. Kg5 Rxh6 59. Kxh6 Qe2 60. g3 Qxa2 61. Kg5 Qc2 62. Rc7+ Kd5 63. Kxg4 Qf5+ 64. Kh4 Qb1 65. Rd7+ Kc5 66. Rd2 Qh1+ 67. Kg5 b4 68. Rf2 Bd3 69. Be3+ Kb5 70. Rf7 e5 71. Rb7+ Qxb7 72. Kf6 b3 73. Kxe5 Kc4 74. Kf4 Qb5 75. Bf2 b2 76. g4 b1Q 77. Kg3 Qc2 78. g5 Qxg5+ 79. Kf3 Be4# 0-1

[Event "EU-chT 23rd"]
[Site "Terme Catez"]
[Date "2021.11.20"]
[Round "8.2"]
[White "Dastan, Batuhan Muhammed"]
[Black "Moroni, Luca Jr"]
[Result "1/2-1/2"]
[WhiteElo "2572"]
[BlackElo "2580"]
[PlyCount "354"]
[EventDate "2021.11.12"]
[EventType "team-swiss"]
[EventRounds "9"]
[EventCountry "SLO"]
[SourceTitle "CBM 205"]
[Source "ChessBase"]
[SourceDate "2021.12.31"]
[SourceVersion "1"]
[SourceVersionDate "2021.12.31"]
[SourceQuality "1"]
[WhiteTeam "Turkey"]
[BlackTeam "Italy"]
[WhiteTeamCountry "TUR"]
[BlackTeamCountry "ITA"]

1. d4 d5 2. Nf3 Nf6 3. Bf4 c5 4. e3 Nc6 5. Nbd2 Nh5 6. dxc5 Nxf4 7. exf4 Qa5 8. c4 e6 9. cxd5 exd5 10. Bd3 Bxc5 11. 0-0 Be7 12. Re1 0-0 13. Rc1 Bf6 14. Ne5 Qb4 15. Nxc6 bxc6 16. Rxc6 Qxf4 17. g3 Qd4 18. Nb3 Qg4 19. Qc2 h6 20. Re3 Bd7 21. Rc7 Ba4 22. Bh7+ Kh8 23. Bf5 Qb4 24. Qc5 Qb6 25. Rd3 Bxb2 26. Rxd5 Rfe8 27. Rd6 Qxc5 28. Nxc5 Be5 29. Nxa4 Bxd6 30. Rxf7 Rf8 31. Rxf8+ Rxf8 32. Be6 Rf3 33. Bb3 Rd3 34. Nb2 Rd2 35. Nc4 Rd4 36. h4 Bc7 37. Kf1 a5 38. Nb2 Re4 39. Bc2 Re6 40. Bb3 Rf6 41. Ke2 Bb6 42. Nd3 Bd4 43. h5 g5 44. hxg6 Rxg6 45. Nf4 Rf6 46. Bc2 Rb6 47. Nd3 Re6+ 48. Kf3 Kg7 49. Bb3 Re8 50. Ba4 Rc8 51. Bb3 Kf6 52. Ke2 Ke7 53. Kf3 Kd6 54. Ke2 Kc6 55. Ba4+ Kb6 56. Nf4 Rc1 57. Nd3 Ra1 58. Bb3 a4 59. Bc4 a3 60. Kd2 Rh1 61. Bf7 Kc6 62. Ke2 Kd6 63. Bc4 Rb1 64. Kf3 Rb8 65. Ke4 Ba7 66. f4 Rb1 67. g4 Ke7 68. g5 hxg5 69. fxg5 Bb8 70. g6 Kf6 71. Bf7 Rb2 72. Kd4 Bd6 73. Ke4 Re2+ 74. Kd4 Bf8 75. Nf4 Rh2 76. Kc3 Rh4 77. Nd5+ Ke5 78. Nc7 Rh3+ 79. Kc4 Rh2 80. Kd3 Bh6 81. Ne8 Rd2+ 82. Kc3 Rd8 83. Kb3 Bf8 84. g7 Rb8+ 85. Ka4 Bxg7 86. Nxg7 Rb7 87. Bb3 Rxg7 88. Kxa3 Kd4 89. Kb2 Rg5 90. Bf7 Rg2+ 91. Kb3 Rg7 92. Be6 Re7 93. Bf5 Re5 94. Bg6 Re3+ 95. Kc2 Rc3+ 96. Kb2 Rc6 97. Bf7 Kd3 98. Bg8 Rb6+ 99. Kc1 Kc3 100. Kd1 Rb8 101. Bb3 Re8 102. Bf7 Re7 103. Bb3 Kd3 104. Bc2+ Ke3 105. Bb3 Rc7 106. Be6 Rc5 107. Bf7 Rc6 108. Bg8 Rg6 109. Bb3 Rg2 110. Be6 Rd2+ 111. Ke1 Rf2 112. Bb3 Rh2 113. Kd1 Re2 114. Bc4 Rd2+ 115. Kc1 Rd4 116. Bb3 Kd3 117. Kd1 Rh4 118. Bc2+ Ke3 119. Bb3 Rh2 120. Bc4 Rf2 121. Bg8 Rd2+ 122. Kc1 Kd3 123. Bc4+ Kc3 124. Bb3 Rd4 125. Bd1 Rf4 126. Be2 Rh4 127. Bf3 Rh3 128. Bc6 Rh6 129. Bd5 Rg6 130. Bb3 Rg1+ 131. Bd1 Re1 132. a4 Re5 133. Bg4 Re4 134. Bf3 Re1+ 135. Bd1 Rg1 136. a5 Rg5 137. Bf3 Rf5 138. Bg4 Rg5 139. Bf3 Rxa5 140. Kb1 Re5 141. Bg4 Rb5+ 142. Ka2 Re5 143. Kb1 Rg5 144. Be6 Rg6 145. Bf7 Rb6+ 146. Ka1 Rc6 147. Kb1 Rf6 148. Bg8 Rg6 149. Bf7 Rg3 150. Be6 Rg7 151. Ka2 Rg2+ 152. Kb1 Re2 153. Bf7 Re5 154. Ka2 Re7 155. Bg8 Kc2 156. Ka1 Rg7 157. Be6 Rg2 158. Bf7 Rg4 159. Be6 Rg7 160. Bf5+ Kc1 161. Be6 Ra7+ 162. Ba2 Rb7 163. Bd5 Rb5 164. Bc4 Rb6 165. Bd5 Kc2 166. Be4+ Kc3 167. Bd5 Rb2 168. Bf7 Rf2 169. Bg8 Rg2 170. Be6 Rg5 171. Kb1 Rb5+ 172. Ka1 Kc2 173. Bf7 Rb6 174. Bd5 Ra6+ 175. Ba2 Rb6 176. Bd5 Rb4 177. Bf7 Rb6 1/2-1/2

[Event "EU-chT 23rd"]
[Site "Terme Catez"]
[Date "2021.11.19"]
[Round "7.2"]
[White "Urkedal, Frode Olav Olsen"]
[Black "Dastan, Batuhan Muhammed"]
[Result "1-0"]
[WhiteElo "2569"]
[BlackElo "2572"]
[PlyCount "61"]
[EventDate "2021.11.12"]
[EventType "team-swiss"]
[EventRounds "9"]
[EventCountry "SLO"]
[SourceTitle "CBM 205"]
[Source "ChessBase"]
[SourceDate "2021.12.31"]
[SourceVersion "1"]
[SourceVersionDate "2021.12.31"]
[SourceQuality "1"]
[WhiteTeam "Norway"]
[BlackTeam "Turkey"]
[WhiteTeamCountry "NOR"]
[BlackTeamCountry "TUR"]

1. d4 d5 2. c4 c6 3. Nf3 Nf6 4. e3 a6 5. Nc3 b5 6. b3 Bg4 7. a4 bxc4 8. bxc4 Nbd7 9. Be2 e6 10. c5 a5 11. 0-0 Be7 12. Bd2 0-0 13. h3 Bxf3 14. Bxf3 e5 15. Be2 Ne8 16. Na2 Nc7 17. Nc1 Ne6 18. Nb3 Qc7 19. Bc3 exd4 20. exd4 Ng5 21. Bd3 f5 22. Qe1 Rae8 23. Bxa5 Qb8 24. Qd1 Rf6 25. Bd2 Ne4 26. a5 f4 27. f3 Nxd2 28. Qxd2 Qxb3 29. Rfb1 Nxc5 30. dxc5 Bxc5+ 31. Kh2 1-0

[Event "EU-chT 23rd"]
[Site "Terme Catez"]
[Date "2021.11.14"]
[Round "3.10"]
[White "Dastan, Batuhan Muhammed"]
[Black "Banikas, Hristos"]
[Result "1/2-1/2"]
[WhiteElo "2572"]
[BlackElo "2592"]
[PlyCount "66"]
[EventDate "2021.11.12"]
[EventType "team-swiss"]
[EventRounds "9"]
[EventCountry "SLO"]
[SourceTitle "CBM 205"]
[Source "ChessBase"]
[SourceDate "2021.12.31"]
[SourceVersion "1"]
[SourceVersionDate "2021.12.31"]
[SourceQuality "1"]
[WhiteTeam "Turkey"]
[BlackTeam "Greece"]
[WhiteTeamCountry "TUR"]
[BlackTeamCountry "GRE"]

1. e4 c5 2. Nf3 d6 3. d4 cxd4 4. Nxd4 Nf6 5. Nc3 a6 6. Rg1 e5 7. Nb3 Be6 8. g4 d5 9. exd5 Nxd5 10. Bg5 f6 11. Nxd5 Qxd5 12. Qxd5 Bxd5 13. Be3 Nc6 14. 0-0-0 0-0-0 15. Bb6 Rd6 16. Rg3 Be6 17. Nc5 Rxd1+ 18. Kxd1 Bxc5 19. Bxc5 Rd8+ 20. Kc1 h6 21. h3 Kd7 22. Bb6 Rc8 23. Rd3+ Ke8 24. Rc3 Nb4 25. Rxc8+ Bxc8 26. Bc4 h5 27. gxh5 Bxh3 28. f3 Nc6 29. Bd5 Kd7 30. Bc5 Be6 31. Be4 f5 32. Bxc6+ Kxc6 33. Bf8 Bf7 1/2-1/2

[Event "Be6!! Online Chess"]
[Site "Tornelo INT"]
[Date "2021.09.12"]
[Round "2"]
[White "Dastan, Batuhan Muhammed"]
[Black "Korkmaz, Necmettin"]
[Result "1-0"]
[WhiteElo "2572"]
[BlackElo "2107"]
[PlyCount "85"]
[EventDate "2021.09.12"]
[EventType "swiss (blitz)"]
[EventRounds "8"]
[EventCountry "NET"]
[SourceTitle "CBM 204 Extra"]
[Source "ChessBase"]
[SourceDate "2021.11.30"]
[SourceVersion "1"]
[SourceVersionDate "2021.11.30"]
[SourceQuality "1"]

1. d4 d5 2. Nf3 Nf6 3. Bf4 e6 4. e3 Bd6 5. Bd3 0-0 6. Nbd2 c5 7. c3 b6 8. Bxd6 Qxd6 9. e4 Qe7 10. e5 Nh5 11. g3 g6 12. Qe2 a5 13. 0-0 Ba6 14. c4 Nc6 15. cxd5 Bxd3 16. Qxd3 Nb4 17. d6 Qxd6 18. Qxg6+ hxg6 19. exd6 Nc2 20. Rac1 Nxd4 21. Nxd4 cxd4 22. Nf3 Rfd8 23. Rc6 Rab8 24. Rd1 Nf6 25. Rxd4 Nd5 26. Ne5 Kg7 27. Rc7 Rf8 28. Nd7 Rfd8 29. Nxb8 Rxb8 30. Rc6 Kf6 31. f4 Rb7 32. Kf2 g5 33. fxg5+ Kxg5 34. Rc7 Rb8 35. Rxf7 Rd8 36. d7 Nf6 37. Rxf6 Kxf6 38. Ke3 Ke7 39. h4 b5 40. h5 a4 41. g4 Kf6 42. Ke4 Kg5 43. Ke5 1-0

[Event "Be6!! Online Chess"]
[Site "Tornelo INT"]
[Date "2021.09.12"]
[Round "6"]
[White "Gokerkan, Cem Kaan"]
[Black "Dastan, Batuhan Muhammed"]
[Result "0-1"]
[WhiteElo "2465"]
[BlackElo "2572"]
[PlyCount "126"]
[EventDate "2021.09.12"]
[EventType "swiss (blitz)"]
[EventRounds "8"]
[EventCountry "NET"]
[SourceTitle "CBM 204 Extra"]
[Source "ChessBase"]
[SourceDate "2021.11.30"]
[SourceVersion "1"]
[SourceVersionDate "2021.11.30"]
[SourceQuality "1"]

1. e4 c5 2. Nf3 d6 3. d4 cxd4 4. Nxd4 Nf6 5. Nc3 a6 6. Bg5 Nbd7 7. Bc4 Qb6 8. Bb3 e6 9. Bxf6 Nxf6 10. Qd2 Nd7 11. 0-0-0 Nc5 12. f4 Be7 13. Kb1 Bd7 14. g4 Qc7 15. f5 b5 16. fxe6 fxe6 17. Rhe1 Nxb3 18. axb3 0-0 19. e5 d5 20. Nf5 Bb4 21. Qg5 Bc8 22. Nd4 Be7 23. Qh5 Bc5 24. Re3 Qf7 25. Qxf7+ Rxf7 26. Re2 Rf4 27. Nc6 Bd7 28. b4 Bf8 29. Nd4 Bxb4 30. Re3 Bc5 31. Red3 Rxg4 32. Nb3 Bf8 33. Ne2 Rg5 34. Re3 Be7 35. Ned4 Rc8 36. Rde1 a5 37. Nxa5 Bb4 38. Nb7 Bxe1 39. Rxe1 h6 40. Nd6 Rf8 41. N6xb5 Bxb5 42. Nxb5 Rff5 43. Nc7 Rxe5 44. Rd1 Rg2 45. Rd3 Rxh2 46. b4 Ree2 47. Rc3 h5 48. b5 Rhf2 49. b6 Rf8 50. Na6 Ref2 51. b7 R2f7 52. Rb3 h4 53. b8Q Rxb8 54. Rxb8+ Kh7 55. Rb3 g5 56. Nc5 Rf6 57. Nd7 Rf5 58. Re3 g4 59. Rxe6 g3 60. Re7+ Kh6 61. Re6+ Kh5 62. Nf6+ Rxf6 63. Rxf6 g2 0-1

[Event "PRO League Stage"]
[Site "Chess.com INT"]
[Date "2020.02.17"]
[Round "7"]
[White "Dastan, Batuhan Muhammed"]
[Black "Erdos, Viktor"]
[Result "1/2-1/2"]
[WhiteElo "2572"]
[BlackElo "2621"]
[PlyCount "104"]
[EventDate "2020.01.06"]
[EventType "team-swiss (rapid)"]
[EventRounds "7"]
[EventCountry "USA"]
[SourceTitle "CBM 194 Extra"]
[Source "ChessBase"]
[SourceDate "2020.03.31"]
[SourceVersion "1"]
[SourceVersionDate "2020.03.31"]
[SourceQuality "1"]
[WhiteTeam "Turkey Knights"]
[BlackTeam "Hungary Hunters"]
[WhiteTeamCountry "TUR"]
[BlackTeamCountry "HUN"]

1. e4 e5 2. Nf3 Nc6 3. Bc4 Bc5 4. c3 d6 5. h3 Nf6 6. d3 a5 7. Bb3 h6 8. Nbd2 Be6 9. Bc2 d5 10. Ba4 Nd7 11. Nf1 Nb6 12. Nxe5 Nxa4 13. Qxa4 0-0 14. Nxc6 bxc6 15. Be3 Bd6 16. Nd2 f5 17. Qxc6 Rb8 18. 0-0-0 dxe4 19. dxe4 Bxa2 20. e5 Bxe5 21. Nc4 Qf6 22. Qd5+ Kh7 23. Qxe5 Bxc4 24. Qxf6 Rxf6 25. Rd7 f4 26. Bd4 Rf7 27. Rxf7 Bxf7 28. Be5 Re8 29. Bxf4 Re2 30. Bxc7 Bg6 31. Bxa5 Rxf2 32. Bb4 Rc2+ 33. Kb1 Rxc3+ 34. Ka2 Rc2 35. Rg1 Bf7+ 36. Ka3 g5 37. Bc3 Bd5 38. g3 Bg2 39. h4 Kg6 40. hxg5 hxg5 41. Kb4 Kf5 42. Re1 Kg4 43. Kb3 Rf2 44. Be5 Bd5+ 45. Kc3 Kf5 46. Re3 Rf3 47. Rxf3+ Bxf3 48. Kd4 Ke6 49. Bg7 g4 50. Bh6 Kd7 51. Bf4 Kc8 52. b4 Kb7 1/2-1/2

[Event "PRO League Stage"]
[Site "Chess.com INT"]
[Date "2020.02.05"]
[Round "5"]
[White "Andriasian, Zaven"]
[Black "Dastan, Batuhan Muhammed"]
[Result "1-0"]
[WhiteElo "2611"]
[BlackElo "2572"]
[PlyCount "93"]
[EventDate "2020.01.06"]
[EventType "team-swiss (rapid)"]
[EventRounds "7"]
[EventCountry "USA"]
[SourceTitle "CBM 194 Extra"]
[Source "ChessBase"]
[SourceDate "2020.03.31"]
[SourceVersion "1"]
[SourceVersionDate "2020.03.31"]
[SourceQuality "1"]
[WhiteTeam "Armenia Eagles"]
[BlackTeam "Turkey Knights"]
[WhiteTeamCountry "ARM"]
[BlackTeamCountry "TUR"]

1. e4 c5 2. Nc3 d6 3. Nf3 a6 4. d4 cxd4 5. Nxd4 Nf6 6. Be3 Ng4 7. Bc1 Nf6 8. h3 e5 9. Nb3 Be6 10. f4 g6 11. Qf3 Nc6 12. Bd3 Be7 13. 0-0 Rc8 14. Be3 exf4 15. Bxf4 Ne5 16. Qe3 0-0 17. Nd4 Qb6 18. Nce2 Nfd7 19. b3 Rfe8 20. Kh1 Bf8 21. Rad1 Bg7 22. Bh6 Bh8 23. c4 Nxd3 24. Qxd3 Ne5 25. Qg3 Rcd8 26. Nf4 Rd7 27. Nf5 Qc6 28. Nd4 Qc5 29. Nf3 Nxf3 30. Qxf3 Qe5 31. a4 b5 32. cxb5 axb5 33. a5 Ra7 34. b4 Bc4 35. Rfe1 Qc3 36. Qf2 Raa8 37. Nd5 Bxd5 38. Rxd5 Qxb4 39. Rf1 Re7 40. e5 dxe5 41. a6 Qa4 42. Qb6 Qc4 43. Rd8+ Re8 44. Rfd1 Qe4 45. Rxe8+ Rxe8 46. Rd8 Qe1+ 47. Kh2 1-0

[Event "PRO League Stage"]
[Site "Chess.com INT"]
[Date "2020.02.05"]
[Round "5"]
[White "Dastan, Batuhan Muhammed"]
[Black "Chigaev, Maksim"]
[Result "1/2-1/2"]
[WhiteElo "2572"]
[BlackElo "2616"]
[PlyCount "44"]
[EventDate "2020.01.06"]
[EventType "team-swiss (rapid)"]
[EventRounds "7"]
[EventCountry "USA"]
[SourceTitle "CBM 194 Extra"]
[Source "ChessBase"]
[SourceDate "2020.03.31"]
[SourceVersion "1"]
[SourceVersionDate "2020.03.31"]
[SourceQuality "1"]
[WhiteTeam "Turkey Knights"]
[BlackTeam "Armenia Eagles"]
[WhiteTeamCountry "TUR"]
[BlackTeamCountry "ARM"]

1. d4 Nf6 2. c4 g6 3. Nc3 d5 4. Nf3 Bg7 5. Qb3 dxc4 6. Qxc4 Be6 7. Qb5+ Bd7 8. Qxb7 Nc6 9. Qb3 Rb8 10. Qd1 Bf5 11. a3 0-0 12. e3 e5 13. Be2 exd4 14. exd4 Ne4 15. 0-0 Nxd4 16. Nxd4 Qxd4 17. Qxd4 Bxd4 18. Nb5 Bb6 19. Bf4 Rbc8 20. Bf3 a6 21. Bxe4 Bxe4 22. Nc3 Bc6 1/2-1/2

[Event "PRO League Stage"]
[Site "Chess.com INT"]
[Date "2020.01.20"]
[Round "3"]
[White "Dastan, Batuhan Muhammed"]
[Black "Le, Tuan Minh"]
[Result "0-1"]
[WhiteElo "2572"]
[BlackElo "2501"]
[PlyCount "184"]
[EventDate "2020.01.06"]
[EventType "team-swiss (rapid)"]
[EventRounds "7"]
[EventCountry "USA"]
[SourceTitle "CBM 194 Extra"]
[Source "ChessBase"]
[SourceDate "2020.03.31"]
[SourceVersion "1"]
[SourceVersionDate "2020.03.31"]
[SourceQuality "1"]
[WhiteTeam "Turkey Knights"]
[BlackTeam "Croatia Bulldogs"]
[WhiteTeamCountry "TUR"]
[BlackTeamCountry "CRO"]

1. e4 c5 2. Nf3 d6 3. d4 cxd4 4. Nxd4 Nf6 5. Nc3 g6 6. Be3 Bg7 7. f3 0-0 8. Qd2 Nc6 9. Bc4 Bd7 10. h4 h5 11. 0-0-0 Ne5 12. Bb3 Rc8 13. Kb1 Nc4 14. Bxc4 Rxc4 15. Nde2 b5 16. Bh6 b4 17. Bxg7 Kxg7 18. Nd5 Nxd5 19. exd5 Qa5 20. b3 Rc5 21. Qd4+ Kg8 22. Rd2 Bf5 23. Rc1 Qa3 24. Qb2 Qxb2+ 25. Kxb2 Rfc8 26. Ng3 Kg7 27. Nf1 Rc3 28. Ng3 a5 29. Nxf5+ gxf5 30. Re1 Kf6 31. Ree2 R3c5 32. Rd4 Rg8 33. a3 Rb8 34. Red2 Ke5 35. axb4 axb4 36. g4 fxg4 37. fxg4 hxg4 38. Rxg4 Rxd5 39. Re2+ Kf6 40. Rf4+ Rf5 41. Rxf5+ Kxf5 42. Rxe7 f6 43. Kc1 Rh8 44. Rb7 Rxh4 45. Rb5+ Ke6 46. Kd2 d5 47. Rb8 Ke5 48. Re8+ Kd4 49. Rf8 Rh2+ 50. Kc1 Rf2 51. Rb8 f5 52. Kb2 Kc5 53. Rc8+ Kd6 54. Rb8 Rf4 55. Rd8+ Ke6 56. Re8+ Kd7 57. Rb8 Re4 58. Kc1 f4 59. Kd2 Ke6 60. Rf8 Ke5 61. Rf7 Rd4+ 62. Ke2 Kd6 63. Rf8 Re4+ 64. Kd2 Kc5 65. Rc8+ Kd6 66. Rf8 Ke7 67. Rf5 Ke6 68. Rf8 Ke5 69. Rf7 Re3 70. Re7+ Kd4 71. Rb7 Kc5 72. Rc7+ Kb6 73. Rf7 Rf3 74. Ke2 Re3+ 75. Kd2 Rf3 76. Ke2 Rc3 77. Kd2 f3 78. Rf4 Kc5 79. Rf5 Kd6 80. Rf8 Ke5 81. Rf7 Ke4 82. Re7+ Kf4 83. Rf7+ Kg3 84. Rg7+ Kf2 85. Rg4 Re3 86. Rxb4 Re2+ 87. Kd1 Ke3 88. Rb8 Rd2+ 89. Kc1 Rd4 90. Rh8 f2 91. Rh1 Rg4 92. Rh3+ Ke4 0-1

[Event "PRO League Stage"]
[Site "Chess.com INT"]
[Date "2020.01.13"]
[Round "2"]
[White "Tomashevsky, Evgeny"]
[Black "Dastan, Batuhan Muhammed"]
[Result "1/2-1/2"]
[WhiteElo "2705"]
[BlackElo "2572"]
[PlyCount "150"]
[EventDate "2020.01.06"]
[EventType "team-swiss (rapid)"]
[EventRounds "7"]
[EventCountry "USA"]
[SourceTitle "CBM 194 Extra"]
[Source "ChessBase"]
[SourceDate "2020.03.31"]
[SourceVersion "1"]
[SourceVersionDate "2020.03.31"]
[SourceQuality "1"]
[WhiteTeam "Russia Wizards"]
[BlackTeam "Turkey Knights"]
[WhiteTeamCountry "RUS"]
[BlackTeamCountry "TUR"]

1. c4 c6 2. Nf3 d5 3. e3 Nf6 4. Nc3 e6 5. b3 Nbd7 6. Qc2 Bd6 7. Bb2 Qe7 8. Be2 0-0 9. 0-0 b6 10. cxd5 cxd5 11. Nb5 Ba6 12. Rfc1 Rfc8 13. Qd1 Bxb5 14. Bxb5 Ba3 15. Bxa3 Qxa3 16. Rc2 Rxc2 17. Qxc2 Qc5 18. Qxc5 bxc5 19. Rc1 Rb8 20. Bxd7 Nxd7 21. d4 Rc8 22. dxc5 Rxc5 23. Rxc5 Nxc5 24. Nd4 Kf8 25. Nc6 a6 26. b4 Ne4 27. Nb8 Ke7 28. Nxa6 Kd6 29. a4 Kc6 30. f3 Nc3 31. Nc5 Nd1 32. e4 d4 33. Kf1 Ne3+ 34. Kf2 Nc2 35. Nd3 f6 36. Ke2 Ne3 37. g3 e5 38. f4 Nc4 39. fxe5 fxe5 40. g4 h6 41. h4 g6 42. Nc5 Ne3 43. Kf3 Nc4 44. h5 g5 45. Nd3 Nd2+ 46. Ke2 Nxe4 47. b5+ Kd6 48. b6 Nc3+ 49. Kd2 Nxa4 50. b7 Kc7 51. Nxe5 Kxb7 52. Kd3 Kc7 53. Kxd4 Kd6 54. Nf7+ Ke6 55. Nxh6 Nb6 56. Nf5 Nd7 57. Ke4 Nf6+ 58. Kf3 Ke5 59. Ng3 Ke6 60. Ne4 Nh7 61. Ke2 Kd5 62. Kd3 Ke5 63. Ke3 Kd5 64. Nd2 Nf6 65. Kf3 Ke5 66. Nc4+ Kd5 67. Ne3+ Ke5 68. Nf1 Kd5 69. Ng3 Ke5 70. Nf1 Kd5 71. Nh2 Ke5 72. Kg3 Ne4+ 73. Kf3 Nf6 74. Ke3 Nd5+ 75. Kf3 Nf6 1/2-1/2

[Event "Vienna op"]
[Site "Vienna"]
[Date "2019.08.21"]
[Round "6"]
[White "Froewis, Georg"]
[Black "Dastan, Batuhan Muhammed"]
[Result "1/2-1/2"]
[WhiteElo "2429"]
[BlackElo "2582"]
[PlyCount "139"]
[EventDate "2019.08.17"]
[EventType "swiss"]
[EventRounds "9"]
[EventCountry "AUT"]
[SourceTitle "EXT 2020"]
[Source "ChessBase"]
[SourceDate "2019.10.17"]
[SourceVersion "1"]
[SourceVersionDate "2019.10.17"]
[SourceQuality "1"]

1. c4 c6 2. d4 d5 3. cxd5 cxd5 4. Bg5 Nc6 5. Nc3 f6 6. Bd2 e5 7. e4 dxe4 8. dxe5 Nxe5 9. Qa4+ Bd7 10. Qxe4 Bc6 11. Bb5 Qxd2+ 12. Kxd2 0-0-0+ 13. Kc2 Bxe4+ 14. Nxe4 Ne7 15. Ne2 Nd5 16. Rad1 f5 17. N4c3 Nb4+ 18. Kb1 a6 19. Rxd8+ Kxd8 20. Rd1+ Kc7 21. a3 Nbc6 22. Bxc6 Nxc6 23. Nf4 Be7 24. Ne6+ Kc8 25. Nd5 g6 26. Nd4 Bd6 27. Nb6+ Kc7 28. Ne6+ Kxb6 29. Rxd6 Re8 30. b4 Ka7 31. f4 Re7 32. Kb2 Kb8 33. Kc3 Na7 34. Rd8+ Nc8 35. Nc5 Kc7 36. Rh8 Nd6 37. a4 Kb6 38. Kd4 a5 39. Kd5 Ne4 40. bxa5+ Kxa5 41. Ra8+ Kb6 42. Ne6 Nf6+ 43. Ke5 Ne8 44. Rc8 Ka5 45. Kd5 Kxa4 46. Nc5+ Kb5 47. Ne6 Nf6+ 48. Ke5 Ne4 49. h3 b6 50. Kd5 Rd7+ 51. Ke5 Nd6 52. Nd4+ Kb4 53. Nc2+ Kb5 54. Nd4+ Ka6 55. Ke6 Nxc8 56. Kxd7 Na7 57. g4 Nb5 58. Nxf5 Nc3 59. Ne3 b5 60. f5 gxf5 61. gxf5 Ne4 62. Nd5 Ka5 63. Ke7 b4 64. f6 Nxf6 65. Kxf6 b3 66. Ne3 Kb4 67. Nd1 Kc4 68. Ke5 Kd3 69. Nb2+ Kc3 70. Na4+ 1/2-1/2